000 00427nam a2200157Ia 4500
008 230917s9999||||xx |||||||||||||| ||und||
040 _e69888
_aMAIN
041 _aEnglish
082 _a658.15 K952F
100 _aKuchhal, S C
245 0 _aFinancial management: An analytical and conceptual approach
250 _a4th ed.
260 _aAllahabad
_bChaitanya Publishing House
_c1976
300 _axvi, 620 p.
942 _cBK
999 _c165383
_d165383